000 01401na a2200301 4500
001 24331
003 MIRAKIL
005 20181226104237.0
008 180917b tu 000 0
041 _atur
082 _a341.481
_bG64g 2010
090 _a341.481 G64g 2010
100 _aGoldstone, Richard
245 _aGoldstone raporu
_bFilistin ve işgal altındaki diğer Arap bölgelerinde insan hakları sorunu
_bGazze çatışmasıyla ilgili Birleşmiş milletler insan hakları konseyi araştırma komisyonu raporu
_cRichard Goldstone; Çev. M. Malik Yavuz
246 _aFilistin ve işgal altındaki diğer Arap bölgelerinde insan hakları sorunu
246 _aGazze çatışmasıyla ilgili Birleşmiş milletler insan hakları konseyi araştırma komisyonu raporu
260 _aİstanbul
_bFilistin platformu yayınları
_c2010
_fpelikan matbaası
300 _a575 s.
_c28 sm.
440 _aFilistin platformu yayınları
_v1
650 _aİnsan hakları ve uluslararası hukuk
650 _aİnsan hakları sorunları
_xFilistin
650 _aİnsan hakları ihlali
_xFilistin
700 _aYavuz, M. Malik
740 _aFilistin ve işgal altındaki diğer Arap bölgelerinde insan hakları sorunu
740 _aGazze çatışmasıyla ilgili Birleşmiş milletler insan hakları konseyi araştırma komisyonu raporu
942 _2ddc
_cBKS
040 _aMilas
_btur
_cTR-AnCHP
999 _c11944
_d11944